000 00673nam a2200241 a 4500
001 000000256
003 DO-SdBNP
005 20260220124712.0
007 ta
008 081127s2015 dr r 000 0 spa d
040 _aDO-SdBNP
_bspa
_cBNPHU
082 _axxx
_bR788a
100 1 _a Rosa y Carpio, Ramón Benito de la,
_d1939-
_974159
245 1 4 _aActa notarial /
_cRamón de la Rosa Carpio.
260 _aSanto Domingo :
_bRafael Bello Peguero,
_c2015.
300 _a15 p. ;
_c21 cm.
505 _t
590 _aInventariado, 2022 / DG
650 7 _aÉtica
_2LIBRUNAM
_9509
650 0 _aConducta de vida
_2LIBRUNAM
_911947
910 _aDG
942 _2ddc
_cLF2
999 _c52461
_d52461